Random Geography #2 - Statistics

General Stats
  • This quiz has been taken 44 times
  • The average score is 6 of 15
Answer Stats
Clue Answer % Correct
French island just north of Sardinia Corsica
81%
Newest country in the world that gained independence in 2011 South Sudan
81%
South American capital city that lies on the equator Quito
79%
First color that appears on Mali's flag (looking left to right) Green
71%
The most populous state of the Four Corners Arizona
62%
Asian capital that lies on the Caspian Sea Baku
62%
The process in which a liquid turns into a gas/vapor Evaporation
57%
The country in which you would find the Franz Josef Glacier New Zealand
38%
Canadian territorial capital on Great Slave Lake Yellowknife
29%
Giant supercontinent that is said to have existed about 250 million years ago Pangaea
24%
Currency of Indonesia Rupiah
21%
Yemen owns this island in the Arabian Sea Socotra
14%
Name of sea bordered by Ukraine and Russia Sea of Azov
12%
What cumulus clouds become as they build higher up into the sky Cumulonimbus
10%
Country where you would find Growa Point Liberia
2%
No matching quizzes found
Score Distribution
Percent of People with Each Score
Percentile by Number Answered
Your Score History
You have not taken this quiz